Capoluoghi e Iniziali delle Regioni - Quiz n°9 - Statistics

Statistiche generali
  • Questo quiz è stato fatto 44 volte
  • Il punteggio medio è 9 su 10
Statistiche sulle risposte
Hint Risposta % Corretto
Asti P
93%
Agrigento S
93%
Belluno V
90%
Matera B
87%
Lecco L
87%
Livorno T
87%
Mantova L
83%
Oristano S
83%
Isernia M
77%
Terni U
77%
Nessun quiz corrispondente trovato
Distribuzione punteggi
Percentuale di utenti per punteggio
Percentile per numero di risposta
I tuoi punteggi nel tempo
Non hai fatto questo quiz